000 00308nam a22001337a 4500
008 181203b xxu||||| |||| 00| 0 eng d
020 _a9780500510476
041 _aeng
080 _a940
100 _a16
101 _aSHH
245 _aThe Seventy Wonders of the Modern World
_cParkyn,N
942 _2udc
_cBK
999 _c52716
_d52716